| 000 | 01285nam a2200337 i 4500 | ||
|---|---|---|---|
| 999 |
_c65211 _d65211 |
||
| 001 | 768714001 | ||
| 003 | CO-MdFUSB | ||
| 005 | 20191018153224.0 | ||
| 008 | 190912t2009 ck |||| |||| 00| 0 spa d | ||
| 020 | _a9789584524287 | ||
| 040 |
_aCO-MdFUSB _bspa _cCO-MdFUSB _dCO-MdFUSBC _erda |
||
| 041 | _aspa | ||
| 082 |
_223 _a158.24 _bSO713n |
||
| 100 |
_aSordo, Pilar. _eautor |
||
| 245 |
_aNo quiero crecer : _bviva la diferencia para padres con hijos adolescentes. _c/ Pilar Sordo. |
||
| 264 | 1 |
_aBogotá, Colombia : _bNorma, _c[2009] |
|
| 264 | 4 | _c© 2009 | |
| 300 |
_a230 páginas _c; 21 cm |
||
| 336 |
_2rdacontent _atexto _btxt |
||
| 337 |
_2rdamedia _asin mediación _bn |
||
| 338 |
_2rdacarrier _avolumen _bnc |
||
| 505 | _aAdolescentes características generales. -- De 9 a11 años cambios. -- De 11 a 13 años del cambio al terremoto. -- De 13 a 15 años terremoto. -- De 15 a 18 años años búsqueda de sueños. -- De 18 a 24 años sueños. -- De 24 a 30 años consolidación de la adultez. -- Adolescentes "Bacanes". | ||
| 563 | _aRústico | ||
| 650 | 7 |
_972 _aPsicología social |
|
| 653 | _aConducta adolescente | ||
| 653 | _aEducación de adolescentes | ||
| 653 | _aPadres y adolescentes | ||
| 653 | _aRelaciones familiares. | ||
| 942 | _cBK | ||
| 945 | _aJTF-925 | ||